00633nam a2200193Ia 4500008004100000020001400041082001700055100002100072245003700093250000800130260004100138300002900179500001900208600003300227650001600260942000700276952013900283999001700422240925s9999 xx 000 0 und d a471599891 a510.2462 KRE aKreyszing, Erwin 0aAdvanced Engineering Mathematics a7th aNew York:bJohn Wiley & Sonsc,1993. axii,642p.bNAfPhotocopy aIncludes Index aHumanities & Natural Science aMathematics cBK 001040708ETaUITUbUITUd2001-06-26eFair Book Center karachig1000.00l0o510.2462 KREpQ8172r2024-09-25 07:14:52w2024-09-25yBK c10671d10671